Lord Esperanza - Statistiques

Statistiques générales
  • Ce quiz a été pris 10 fois
  • Le résultat moyen est 30 sur 73
Statistiques - réponses
Réponse % Correct
Anna
83%
Drapeau blanc
83%
Drapeau Noir
83%
Believe
67%
Boulevard
67%
Internet
67%
L'insolence des élus
67%
Love Courtney
67%
Maria
67%
Sol d'étoiles
67%
Cha Cha Cha
50%
Château de sable
50%
Comme ça
50%
Comme tous les autres
50%
Ghost
50%
Infiniment vôtre
50%
Interlude
50%
La couleur des sentiments
50%
Le silence des élus
50%
Noir
50%
Noir remix
50%
Ola
50%
Polaroïd
50%
Pont des paradis perdus
50%
Tutoyer le ciel
50%
Un cœur de pierre dans un corps vide
50%
Abandonner
33%
Acid Banks
33%
Alles Klar
33%
Apparemment
33%
Autre verre
33%
Capable
33%
Ce soir ne nous appartient pas
33%
Couronné
33%
Danse avec les ombres
33%
Dégénéré
33%
Demain
33%
Emily
33%
Entamé
33%
Et alors ?
33%
Flex (Wasabi)
33%
Frère miroir
33%
Illusoire
33%
Laisse aller
33%
Le même en mieux
33%
L'enfant du Siècle Pt. III
33%
Les Yeux Ouverts
33%
Le temps des graviers
33%
Mourir sur scène
33%
Nénuphar
33%
Noir Pt. 2
33%
Oh Lord
33%
Olup Ouh
33%
On a Fait
33%
OuhOuhOuh
33%
Petit prince
33%
Poison Ivy
33%
Politesse
33%
Pour ce soir
33%
Replay
33%
Roi du monde
33%
Roses noires
33%
Sapiens
33%
Si je meurs demain
33%
Surveille le Ciel
33%
Vide ton chargeur
33%
Aujourd'hui encore
17%
Dernière Danse
17%
L'ère du temps
17%
Liberté, Égalité, Fatalité
17%
Love Yourself
17%
N'importe lequel
17%
Origines
17%
Aucun quiz correspondant
Distribution des résultats
% des personnes avec chaque résultat
Percentile par nombre de réponses
Votre historique - résultats
Vous n’avez pas pris ce quiz